000
00308nam a22001337a 4500
008
181022b xxu||||| |||| 00| 0 eng d
020
_a
9780323036573
041
_a
eng
080
_2
9th
_a
610
100
_a
4
101
_a
SHM
245
_a
Fundamentals of Respiratory Care
_c
Wilkins,R.L
942
_2
udc
_c
BK
999
_c
50418
_d
50418